| 000 | 00542nam a22001817a 4500 | ||
|---|---|---|---|
| 003 | 0 | ||
| 005 | 20231207101104.0 | ||
| 008 | 231007b xxu||||| |||| 00| 0 eng d | ||
| 020 | _a979-8685-8021-32 | ||
| 050 |
_aTR 006.3 _bTou722 2020 |
||
| 100 | _aTouretzky, David S. | ||
| 245 |
_aAI + ME : how we work with AI _cDavid S. Touretzky |
||
| 260 |
_aLas Vegas, Nevada _bReady AI, LLC _cc2020. |
||
| 300 |
_a45 pages : _bcol. ill. ; _c29 cm. |
||
| 500 | _aArtificial Inteligence. | ||
| 650 | _aArtificial intelligence. | ||
| 942 |
_2lcc _cBK |
||
| 999 |
_c365500 _d365500 |
||